[Event "ICS rated blitz match"]
[Site "204.178.125.65"]
[Date "2000.11.17"]
[Round "?"]
[White "Hossa"]
[Black "brutus"]
[Result "1-0"]
[WhiteElo "2536"]
[BlackElo "2175"]
[PlyCount "58"]
[EventDate "2000.??.??"]

1. e4 e6 2. d4 d5 3. e5 c5 4. c3 Bd7 5. Nf3 Qb6 6. Bd3 cxd4 7. Nxd4 Nc6 8. Nxc6
Bxc6 9. O-O Bb5 10. Bxb5+ Qxb5 11. a4 Qd7 12. Re1 Ne7 13. Bg5 Nc6 14. Nd2 h6
15. Bf4 Be7 16. a5 O-O 17. Qg4 Kh7 18. Nb3 Rac8 19. Re3 Rc7 20. Rg3 g6 21. Rh3
h5 22. Rd1 Rh8 23. Qf3 Kg7 24. c4 d4 25. Qe2 Qd8 26. Rhd3 Rd7 27. Be3 Nxa5 28.
Nxd4 Rxd4 29. Rxd4 Qc7 {brutus resigns} 1-0

[Event "ICS rated blitz match"]
[Site "204.178.125.65"]
[Date "2000.11.17"]
[Round "?"]
[White "Hossa"]
[Black "HaraldLdahl"]
[Result "1-0"]
[WhiteElo "2540"]
[BlackElo "2244"]
[PlyCount "65"]
[EventDate "2000.??.??"]

1. e4 Nf6 2. e5 Nd5 3. c4 Nb6 4. c5 Nd5 5. d4 b6 6. Bg5 Ba6 7. cxb6 axb6 8. Qh5
Bxf1 9. Kxf1 Na6 10. Ne2 g6 11. Qf3 c6 12. Nbc3 Nac7 13. Nxd5 Nxd5 14. Nf4 Nxf4
15. Bxf4 Bg7 16. h4 h5 17. Rh3 Ra5 18. b4 Rd5 19. Qe4 b5 20. Kg1 Qa8 21. Rd3 e6
22. Kh1 Bf8 23. Rb3 Be7 24. Kg1 Qa4 25. Bd2 O-O 26. Bg5 Bxg5 27. hxg5 Ra8 28.
Rf3 Qa7 29. Rd3 Qb6 30. Qf4 Ra4 31. Rf3 f5 32. gxf6 Qxd4 33. f7+ {
HaraldLdahl resigns} 1-0

[Event "ICS rated bullet match"]
[Site "204.178.125.65"]
[Date "2000.11.17"]
[Round "?"]
[White "Hossa"]
[Black "CPUGrandMaster"]
[Result "0-1"]
[WhiteElo "2557"]
[BlackElo "2885"]
[PlyCount "64"]
[EventDate "2000.??.??"]

1. e4 c5 2. Nc3 Nc6 3. Nf3 e6 4. Bb5 Nge7 5. O-O a6 6. Be2 Ng6 7. d4 cxd4 8.
Nxd4 Qc7 9. Nxc6 dxc6 10. Na4 b5 11. Nc3 Bd6 12. g3 O-O 13. Be3 Rd8 14. Bd3 Ne5
15. Qh5 g6 16. Qe2 Nxd3 17. cxd3 e5 18. Rfc1 Qb7 19. Bg5 Be7 20. Bxe7 Qxe7 21.
Qe3 Be6 22. Re1 Ra7 23. Rec1 Rad7 24. Qb6 Qf6 25. Qxa6 Qf3 26. g4 Qxg4+ 27. Kf1
Qf3 28. Qxc6 Rxd3 29. Nd5 Bh3+ 30. Ke1 Qxe4+ 31. Ne3 Rxe3+ 32. fxe3 Qxe3# {
Hossa checkmated} 0-1

[Event "ICS rated blitz match"]
[Site "204.178.125.65"]
[Date "2000.11.17"]
[Round "?"]
[White "gaudi"]
[Black "Hossa"]
[Result "0-1"]
[WhiteElo "2209"]
[BlackElo "2545"]
[PlyCount "62"]
[EventDate "2000.??.??"]

1. d4 c6 2. Nf3 d5 3. Bf4 e6 4. e3 c5 5. Nbd2 Qb6 6. Rb1 cxd4 7. exd4 Nf6 8.
Bd3 Nh5 9. Be3 Nc6 10. c3 Bd6 11. O-O Nf4 12. Bc2 Qa6 13. g3 Nh3+ 14. Kg2 e5
15. dxe5 Bxe5 16. Nxe5 Nxe5 17. Bd4 f6 18. Bxe5 fxe5 19. Qh5+ Kd8 20. Qxe5 Qf6
21. Qxd5+ Kc7 22. Ne4 Qe7 23. Rbd1 Kb8 24. Rfe1 Rf8 25. f4 Rxf4 26. Qd6+ Qxd6
27. Rxd6 Rf8 28. Nc5 Rf2+ 29. Kh1 Rxc2 30. Re8 Kc7 31. Rdd8 Bg4 {gaudi resigns}
0-1

[Event "ICS rated blitz match"]
[Site "204.178.125.65"]
[Date "2000.11.17"]
[Round "?"]
[White "LeonidP"]
[Black "Hossa"]
[Result "0-1"]
[WhiteElo "1936"]
[BlackElo "2553"]
[PlyCount "56"]
[EventDate "2000.??.??"]

1. e4 c5 2. d4 cxd4 3. Bc4 Nc6 4. c3 Nf6 5. Qe2 dxc3 6. Nxc3 Ne5 7. Bb3 e6 8.
Bf4 d6 9. Bxe5 dxe5 10. Nf3 Bd6 11. O-O O-O 12. Rfd1 Qe7 13. Nb5 Bb8 14. Rac1
b6 15. Nc3 Bb7 16. Rd2 Bd6 17. Rcd1 Rfd8 18. h3 a6 19. g4 Bb4 20. Nxe5 Bxc3 21.
bxc3 Nxe4 22. Rxd8+ Rxd8 23. Rxd8+ Qxd8 24. Qe3 Qc7 25. f4 Qxc3 26. Qxb6 Qg3+
27. Kf1 Qxf4+ 28. Ke1 Qd2+ {LeonidP resigns} 0-1

[Event "ICS rated bullet match"]
[Site "204.178.125.65"]
[Date "2000.11.17"]
[Round "?"]
[White "Hossa"]
[Black "erwinlami"]
[Result "1-0"]
[WhiteElo "2553"]
[BlackElo "2354"]
[PlyCount "47"]
[EventDate "2000.??.??"]

1. e4 e6 2. d4 d6 3. Bd3 Be7 4. Nf3 Nf6 5. O-O b6 6. e5 dxe5 7. dxe5 Nfd7 8.
Be4 c6 9. Qe2 Ba6 10. c4 Qc7 11. Bf4 Bb7 12. Rd1 c5 13. Ng5 Nc6 14. Qh5 g6 15.
Qh6 Bf8 16. Qh4 Nd4 17. Nc3 Be7 18. Bxb7 Qxb7 19. Qg4 Bxg5 20. Qxg5 h6 21. Qh4
Qc6 22. Nb5 Nxb5 23. cxb5 Qxb5 24. Rd2 {erwinlami resigns} 1-0

[Event "ICS rated bullet match"]
[Site "204.178.125.65"]
[Date "2000.11.17"]
[Round "?"]
[White "Akib"]
[Black "Hossa"]
[Result "0-1"]
[WhiteElo "2063"]
[BlackElo "2561"]
[PlyCount "48"]
[EventDate "2000.??.??"]

1. e4 c5 2. Nf3 e6 3. d3 d5 4. Nc3 d4 5. Ne2 Nc6 6. Ng3 Bd6 7. Be2 Nf6 8. O-O
O-O 9. c4 b6 10. h3 Bb7 11. Nh2 a6 12. Ng4 Nd7 13. f4 Qh4 14. Nh5 b5 15. e5 Bc7
16. b3 f6 17. exf6 Qxh5 18. fxg7 Kxg7 19. f5 Rxf5 20. Nf6 Qf7 21. Nh5+ Kg8 22.
Bh6 Ne7 23. Qd2 Qg6 24. g4 Rxh5 {Akib resigns} 0-1

[Event "ICS rated blitz match"]
[Site "204.178.125.65"]
[Date "2000.11.17"]
[Round "?"]
[White "Hossa"]
[Black "gaudi"]
[Result "1-0"]
[WhiteElo "2558"]
[BlackElo "2192"]
[PlyCount "51"]
[EventDate "2000.??.??"]

1. c4 e5 2. Nc3 d6 3. g3 g6 4. Bg2 Bg7 5. Nf3 Ne7 6. d4 exd4 7. Nxd4 O-O 8. O-O
Nbc6 9. Be3 Bd7 10. Qd2 Nf5 11. Nxf5 Bxf5 12. Bh6 Qd7 13. Qg5 Bh3 14. Bxg7 Kxg7
15. Qf4 Rae8 16. Rfd1 Re5 17. Rd5 Rfe8 18. Bf3 g5 19. Qd2 h6 20. Rxe5 Nxe5 21.
Bxb7 c6 22. Ba6 Qe6 23. Rd1 Rd8 24. Ne4 d5 25. Nxg5 Qf6 26. Nxh3 {gaudi resigns
} 1-0

[Event "ICS rated blitz match"]
[Site "204.178.125.65"]
[Date "2000.11.17"]
[Round "?"]
[White "Hossa"]
[Black "gaudi"]
[Result "1-0"]
[WhiteElo "2564"]
[BlackElo "2186"]
[PlyCount "37"]
[EventDate "2000.??.??"]

1. e4 d6 2. d4 e5 3. dxe5 dxe5 4. Qxd8+ Kxd8 5. Bc4 f6 6. Nc3 c6 7. Be3 Bb4 8.
O-O-O+ Kc7 9. Nge2 b5 10. Bxb5 Bxc3 11. Nxc3 cxb5 12. Nxb5+ Kc6 13. Nxa7+ Rxa7
14. Bxa7 Nd7 15. a4 Nh6 16. b4 Nf7 17. Rd3 Bb7 18. Rhd1 Nf8 19. Rc3# {
gaudi checkmated} 1-0

[Event "ICS rated blitz match"]
[Site "204.178.125.65"]
[Date "2000.11.17"]
[Round "?"]
[White "Hossa"]
[Black "gaudi"]
[Result "1-0"]
[WhiteElo "2567"]
[BlackElo "2196"]
[PlyCount "39"]
[EventDate "2000.??.??"]

1. e4 c5 2. c3 d5 3. exd5 Qxd5 4. d4 Nf6 5. Nf3 cxd4 6. cxd4 Bg4 7. Nc3 Qa5 8.
h3 Bh5 9. d5 Nbd7 10. Be2 e6 11. dxe6 fxe6 12. Ng5 Bxe2 13. Qxe2 Qe5 14. Nxe6
Kf7 15. Ng5+ Kg6 16. Be3 Bb4 17. O-O Rhe8 18. Qc4 Bxc3 19. Qf7+ Kf5 20. g4# {
gaudi checkmated} 1-0

[Event "ICS rated bullet match"]
[Site "204.178.125.65"]
[Date "2000.11.17"]
[Round "?"]
[White "Hossa"]
[Black "BalBoA"]
[Result "1-0"]
[WhiteElo "2565"]
[BlackElo "2179"]
[PlyCount "87"]
[EventDate "2000.??.??"]

1. e4 c5 2. c3 d6 3. d4 cxd4 4. cxd4 g6 5. Nf3 Bg7 6. Nc3 Nd7 7. Bb5 a6 8. Bd3
e6 9. O-O Ne7 10. Bf4 e5 11. Be3 O-O 12. Rc1 Nc6 13. Bg5 f6 14. Bc4+ Kh8 15.
Be3 f5 16. Bg5 Qe8 17. Nd5 fxe4 18. Nc7 exf3 19. Nxe8 Rxe8 20. Qxf3 Rf8 21. Qa3
Nxd4 22. Qxd6 Nf6 23. Qxe5 Nf5 24. Rc2 Bd7 25. Rd1 Bc6 26. Qc7 Rac8 27. Qb6 Be4
28. Rcc1 h6 29. f3 hxg5 30. fxe4 Nxe4 31. Rd3 Nc5 32. Rh3+ Nh6 33. Qxg6 Rc6 34.
Qxg5 Ne4 35. Qd5 Rd6 36. Qxe4 Rdf6 37. Qxb7 Rd8 38. Bxa6 Rff8 39. Qe7 Bd4+ 40.
Kh1 Bg7 41. Bd3 Rf7 42. Qxf7 Rf8 43. Rxh6+ Bxh6 44. Qh7# {BalBoA checkmated}
1-0

[Event "ICS rated bullet match"]
[Site "204.178.125.65"]
[Date "2000.11.17"]
[Round "?"]
[White "BalBoA"]
[Black "Hossa"]
[Result "0-1"]
[WhiteElo "2176"]
[BlackElo "2568"]
[PlyCount "70"]
[EventDate "2000.??.??"]

1. d4 c6 2. c4 d5 3. Nf3 dxc4 4. g3 Bf5 5. Bg2 e6 6. O-O Nd7 7. Nbd2 Nb6 8. e4
Bg6 9. Qc2 Nf6 10. Re1 Be7 11. Qc3 c5 12. e5 Nfd5 13. dxc5 Nxc3 14. bxc3 Bxc5
15. Ne4 Bxe4 16. Rxe4 Qd3 17. Be3 Qxe4 18. Nd4 Qxe5 19. Bf4 Qf6 20. Be3 O-O-O
21. Rb1 Qe7 22. a4 Rd7 23. a5 Nd5 24. a6 Qf8 25. axb7+ Rxb7 26. Rc1 Rb2 27. Be4
Nxe3 28. fxe3 e5 29. Nf5 g6 30. Nh4 Bxe3+ 31. Kf1 Bxc1 32. Nf3 Qc5 33. Nd2 Rxd2
34. Bf5+ gxf5 35. Ke1 Qg1# {BalBoA checkmated} 0-1

[Event "ICS rated blitz match"]
[Site "204.178.125.65"]
[Date "2000.11.18"]
[Round "?"]
[White "brutus"]
[Black "Hossa"]
[Result "0-1"]
[WhiteElo "2184"]
[BlackElo "2570"]
[PlyCount "56"]
[EventDate "2000.??.??"]

1. e4 c5 2. Nf3 e6 3. d4 cxd4 4. Nxd4 a6 5. Nc3 b5 6. Bd3 Qb6 7. Be3 Bc5 8.
Nce2 f5 9. exf5 e5 10. Nf3 Bxe3 11. fxe3 Nf6 12. Ng3 Qxe3+ 13. Qe2 Qxe2+ 14.
Bxe2 Nc6 15. c3 O-O 16. O-O d5 17. Rad1 Re8 18. a4 bxa4 19. Ra1 Bd7 20. Bd1
Rab8 21. Rf2 e4 22. Nd4 Nxd4 23. cxd4 Rb4 24. Ne2 e3 25. Rf4 Rxb2 26. Kf1 Re4
27. Rxe4 Nxe4 28. Bxa4 Bxa4 {brutus resigns} 0-1

[Event "ICS rated blitz match"]
[Site "204.178.125.65"]
[Date "2000.11.18"]
[Round "?"]
[White "Hossa"]
[Black "brutus"]
[Result "1-0"]
[WhiteElo "2573"]
[BlackElo "2181"]
[PlyCount "89"]
[EventDate "2000.??.??"]

1. e4 e6 2. d4 d5 3. e5 c5 4. c3 Bd7 5. Nf3 Qb6 6. Bd3 cxd4 7. Nxd4 Nc6 8. Nxc6
Bxc6 9. O-O Bb5 10. Bxb5+ Qxb5 11. a4 Qd7 12. Re1 a6 13. Be3 Ne7 14. Nd2 Nf5
15. Bb6 Qc6 16. a5 Bc5 17. Bxc5 Qxc5 18. Qa4+ Qc6 19. Qb4 Rc8 20. Red1 Rc7 21.
Ra2 Qc5 22. Qxc5 Rxc5 23. Ra4 O-O 24. g4 Ne7 25. f4 g6 26. Nb3 Rc7 27. Nd4 Rfc8
28. Kg2 Nc6 29. Raa1 Nxd4 30. Rxd4 Rc4 31. Rad1 R8c5 32. Rxc4 Rxc4 33. Rd4 Rxd4
34. cxd4 Kg7 35. Kg3 f5 36. exf6+ Kxf6 37. b3 h6 38. Kf3 g5 39. Kg3 Kg6 40.
fxg5 hxg5 41. h4 gxh4+ 42. Kxh4 Kf6 43. g5+ Kg6 44. Kg4 Kg7 45. Kf4 {
brutus resigns} 1-0

[Event "ICS rated bullet match"]
[Site "204.178.125.65"]
[Date "2000.11.18"]
[Round "?"]
[White "Hossa"]
[Black "sacliketal"]
[Result "1-0"]
[WhiteElo "2571"]
[BlackElo "1974"]
[PlyCount "29"]
[EventDate "2000.??.??"]

1. e4 c5 2. c3 e6 3. d4 Nf6 4. e5 Nd5 5. Nf3 cxd4 6. cxd4 d6 7. Bd3 dxe5 8.
dxe5 Be7 9. O-O O-O 10. Qe2 Nc6 11. Rd1 Bd7 12. Be4 Ndb4 13. a3 Na6 14. Bxc6
bxc6 15. Qxa6 {sacliketal resigns} 1-0

[Event "ICS rated bullet match"]
[Site "204.178.125.65"]
[Date "2000.11.18"]
[Round "?"]
[White "praviano"]
[Black "Hossa"]
[Result "0-1"]
[WhiteElo "2114"]
[BlackElo "2572"]
[PlyCount "68"]
[EventDate "2000.??.??"]

1. e4 e6 2. Nf3 d5 3. e5 c5 4. c3 Nc6 5. d4 cxd4 6. cxd4 Bd7 7. Nc3 f6 8. Bd3
Nb4 9. Bb1 Qc7 10. O-O O-O-O 11. exf6 gxf6 12. a3 Na6 13. b4 Qxc3 14. Ra2 Qc7
15. Rc2 Bc6 16. b5 Qb6 17. bxc6 bxc6 18. Bf4 Bxa3 19. Ba2 Kd7 20. Qd3 Bb4 21.
Qb3 c5 22. dxc5 Nxc5 23. Rxc5 Bxc5 24. Qa4+ Qc6 25. Qa5 Bb6 26. Qa6 Bxf2+ 27.
Rxf2 Qxa6 28. h3 Ne7 29. Kh2 Rhg8 30. Bg3 Qb7 31. Nd4 Qb6 32. Rxf6 Qxd4 33. Rf7
Rxg3 34. Kxg3 Rg8+ {praviano resigns} 0-1

[Event "ICS rated bullet match"]
[Site "204.178.125.65"]
[Date "2000.11.18"]
[Round "?"]
[White "Hossa"]
[Black "praviano"]
[Result "1-0"]
[WhiteElo "2574"]
[BlackElo "2112"]
[PlyCount "27"]
[EventDate "2000.??.??"]

1. e4 e6 2. d4 d5 3. e5 c5 4. c3 Nc6 5. Nf3 Qb6 6. Bd3 cxd4 7. cxd4 Bd7 8. O-O
Nxd4 9. Nxd4 Qxd4 10. Nc3 a6 11. Re1 Ne7 12. Bg5 Nc6 13. Bc2 Qd2 14. Qxd2 {
praviano resigns} 1-0

[Event "ICS rated bullet match"]
[Site "204.178.125.65"]
[Date "2000.11.18"]
[Round "?"]
[White "praviano"]
[Black "Hossa"]
[Result "0-1"]
[WhiteElo "2110"]
[BlackElo "2576"]
[PlyCount "38"]
[EventDate "2000.??.??"]

1. e4 c5 2. Nf3 e6 3. a3 d5 4. exd5 exd5 5. d3 Nf6 6. Be2 Bd6 7. O-O O-O 8. Bg5
h6 9. Bh4 Nc6 10. Nc3 Be6 11. h3 Re8 12. Re1 Bf4 13. Bf1 g5 14. Bg3 Bxg3 15.
fxg3 Qc7 16. Kh1 Qxg3 17. Re3 Nd4 18. Qd2 Qf4 19. Nxd4 cxd4 {praviano resigns}
0-1

[Event "ICS rated bullet match"]
[Site "204.178.125.65"]
[Date "2000.11.18"]
[Round "?"]
[White "Hossa"]
[Black "praviano"]
[Result "1-0"]
[WhiteElo "2578"]
[BlackElo "2108"]
[PlyCount "37"]
[EventDate "2000.??.??"]

1. e4 e6 2. d4 d5 3. e5 Ne7 4. Nf3 c5 5. dxc5 Nec6 6. Be3 Nd7 7. Bb5 Bxc5 8.
Bxc5 Nxc5 9. O-O O-O 10. Nc3 a6 11. Bxc6 bxc6 12. Qd4 Nd7 13. Qg4 Kh8 14. a3 f5
15. Qf4 Nc5 16. Ng5 Ne4 17. Ncxe4 fxe4 18. Qh4 h6 19. Nf7+ {praviano resigns}
1-0

[Event "ICS rated bullet match"]
[Site "204.178.125.65"]
[Date "2000.11.18"]
[Round "?"]
[White "Hossa"]
[Black "praviano"]
[Result "1-0"]
[WhiteElo "2582"]
[BlackElo "2104"]
[PlyCount "33"]
[EventDate "2000.??.??"]

1. e4 e6 2. d4 d5 3. e5 c5 4. c3 cxd4 5. cxd4 Nc6 6. Nc3 Bb4 7. Qg4 Nge7 8.
Qxg7 Rg8 9. Qxh7 Nxd4 10. Bf4 Qa5 11. Qd3 Nef5 12. Nge2 Nxe2 13. Kxe2 Bd7 14.
Rc1 Bxc3 15. Qxc3 Bb5+ 16. Ke1 Qxa2 17. Bxb5+ {praviano resigns} 1-0

[Event "ICS rated bullet match"]
[Site "204.178.125.65"]
[Date "2000.11.18"]
[Round "?"]
[White "praviano"]
[Black "Hossa"]
[Result "0-1"]
[WhiteElo "2102"]
[BlackElo "2584"]
[PlyCount "44"]
[EventDate "2000.??.??"]

1. e4 c5 2. d3 e6 3. c3 Nc6 4. Qc2 d5 5. Nd2 Bd6 6. g3 Nf6 7. Bg2 dxe4 8. dxe4
O-O 9. Ngf3 e5 10. O-O Bc7 11. Rd1 Qe7 12. Nc4 Be6 13. Ne3 Rfd8 14. b3 Rxd1+
15. Qxd1 Nxe4 16. Qc2 Nd6 17. Bb2 f5 18. c4 e4 19. Ne5 Nd4 20. Bxd4 cxd4 21.
Nf1 Ne8 22. Qb2 Bxe5 {praviano resigns} 0-1

[Event "ICS rated blitz match"]
[Site "204.178.125.65"]
[Date "2000.11.18"]
[Round "?"]
[White "Hossa"]
[Black "kyrios"]
[Result "1-0"]
[WhiteElo "2576"]
[BlackElo "2134"]
[PlyCount "75"]
[EventDate "2000.??.??"]

1. e4 e6 2. d4 d5 3. e5 c5 4. c3 Qb6 5. Nf3 Nc6 6. a3 c4 7. g3 Bd7 8. Bg2 Na5
9. Nfd2 Be7 10. O-O h5 11. a4 h4 12. h3 g5 13. Na3 a6 14. Re1 Nh6 15. gxh4 gxh4
16. Qh5 O-O-O 17. Ndxc4 Nxc4 18. Nxc4 dxc4 19. a5 Qc7 20. Bxh6 Bf8 21. Bxf8
Rxh5 22. Bd6 Rg5 23. Bxc7 Rdg8 24. Bb6 Bc6 25. Kf1 Rxg2 26. Ke2 Be4 27. Ke3 Bd3
28. b3 Kd7 29. Rh1 Kc6 30. Bc5 Kd5 31. bxc4+ Bxc4 32. Be7 Bb5 33. Bxh4 Rc8 34.
Rac1 Kc4 35. Bg3 Kb3 36. Kd2 Bc6 37. Rb1+ Ka4 38. Rb4+ {kyrios resigns} 1-0

[Event "ICS rated blitz match"]
[Site "204.178.125.65"]
[Date "2000.11.18"]
[Round "?"]
[White "bescientific"]
[Black "Hossa"]
[Result "0-1"]
[WhiteElo "2052"]
[BlackElo "2578"]
[PlyCount "74"]
[EventDate "2000.??.??"]

1. d4 c6 2. e4 Qc7 3. f4 d5 4. e5 c5 5. Nf3 e6 6. c3 cxd4 7. cxd4 Nc6 8. Nc3
Nh6 9. Bd3 Bd7 10. Be3 Ng4 11. Bg1 Nb4 12. Bb1 Be7 13. a3 Nc6 14. Bd3 Qb6 15.
Qe2 Na5 16. h3 Nb3 17. Rd1 Nh6 18. g4 f6 19. Be3 fxe5 20. fxe5 Nf7 21. O-O g6
22. Kg2 Rf8 23. Nd2 Nxd4 24. Qf2 Nxe5 25. Qg1 Nxd3 26. Bxd4 Rxf1 27. Rxf1 Qxb2
28. Qe3 Qc2 29. Kh1 g5 30. Nf3 Rc8 31. Nxd5 exd5 32. Nxg5 h6 33. Nf7 Rc6 34.
Nxh6 Re6 35. Qg3 Rxh6 36. Qb8+ Bc8 37. Qxc8+ Qxc8 {bescientific resigns} 0-1

[Event "ICS rated bullet match"]
[Site "204.178.125.65"]
[Date "2000.11.18"]
[Round "?"]
[White "Younis-T"]
[Black "Hossa"]
[Result "0-1"]
[WhiteElo "1927"]
[BlackElo "2587"]
[PlyCount "42"]
[EventDate "2000.??.??"]

1. e4 c5 2. Nf3 e6 3. d4 cxd4 4. Nxd4 a6 5. Nc3 b5 6. Be3 b4 7. Nce2 Bb7 8. Ng3
d5 9. e5 Nd7 10. f4 Bc5 11. Bd3 g5 12. c3 bxc3 13. bxc3 Qc7 14. fxg5 Nxe5 15.
O-O Bd6 16. Rc1 Nxd3 17. Qxd3 Bxg3 18. hxg3 Ne7 19. Rce1 Qxg3 20. Rf3 Qxe1+ 21.
Rf1 Qg3 {Younis-T resigns} 0-1

[Event "ICS rated bullet match"]
[Site "204.178.125.65"]
[Date "2000.11.18"]
[Round "?"]
[White "WoodEater"]
[Black "Hossa"]
[Result "0-1"]
[WhiteElo "2213"]
[BlackElo "2589"]
[PlyCount "64"]
[EventDate "2000.??.??"]

1. e4 c5 2. d4 cxd4 3. Nf3 e5 4. c3 Qa5 5. Bd2 Qb6 6. cxd4 exd4 7. Qb3 Qxb3 8.
axb3 Nc6 9. Bc4 Nf6 10. e5 Ng4 11. Bf4 Bb4+ 12. Ke2 f6 13. exf6 Nxf6 14. Nbd2
d5 15. Bb5 O-O 16. Rhe1 Ne4 17. Kf1 Rxf4 18. Nxe4 dxe4 19. Red1 exf3 20. gxf3
Bh3+ 21. Kg1 Rf5 22. Bxc6 Rg5+ 23. Kh1 Bg2+ 24. Kg1 Bxf3+ 25. Kf1 Bxd1 26. Rxd1
bxc6 27. Ke2 Re8+ 28. Kd3 Rd5 29. Kc4 Re1 30. Rd3 Rc1+ 31. Kxb4 Rb5+ 32. Ka4
Ra1# {WoodEater checkmated} 0-1

[Event "ICS rated bullet match"]
[Site "204.178.125.65"]
[Date "2000.11.18"]
[Round "?"]
[White "Hossa"]
[Black "WoodEater"]
[Result "1-0"]
[WhiteElo "2592"]
[BlackElo "2210"]
[PlyCount "95"]
[EventDate "2000.??.??"]

1. e4 e5 2. Nf3 Nc6 3. Bb5 Nf6 4. O-O Nxe4 5. d4 Nd6 6. Bxc6 dxc6 7. dxe5 Nf5
8. Qxd8+ Kxd8 9. Nc3 Bd7 10. Rd1 Kc8 11. Ng5 Be8 12. Bf4 h6 13. Nge4 c5 14. Rd2
Bc6 15. Rad1 b6 16. a3 Kb7 17. Ng3 Nxg3 18. Bxg3 Be7 19. Nd5 Bxd5 20. Rxd5 Rad8
21. Rxd8 Rxd8 22. Rxd8 Bxd8 23. f4 Kc6 24. Be1 Kd5 25. Bd2 f6 26. Bc3 fxe5 27.
fxe5 Be7 28. b3 Bg5 29. Kf2 Bf4 30. e6 Kxe6 31. Bxg7 h5 32. h4 Be5 33. Bxe5
Kxe5 34. Ke3 b5 35. a4 c6 36. a5 a6 37. c3 Kd5 38. Kf4 b4 39. c4+ Kd4 40. g4
hxg4 41. Kxg4 Kc3 42. h5 Kxb3 43. h6 Kc2 44. h7 b3 45. h8=Q b2 46. Qh7+ Kb3 47.
Qb1 Kxc4 48. Qxb2 {WoodEater resigns} 1-0

[Event "ICS rated bullet match"]
[Site "204.178.125.65"]
[Date "2000.11.18"]
[Round "?"]
[White "praviano"]
[Black "Hossa"]
[Result "0-1"]
[WhiteElo "2098"]
[BlackElo "2597"]
[PlyCount "72"]
[EventDate "2000.??.??"]

1. e3 Nf6 2. d3 e5 3. d4 exd4 4. exd4 Bb4+ 5. c3 Bd6 6. Bg5 Qe7+ 7. Be2 h6 8.
Bh4 g5 9. Bg3 Bxg3 10. hxg3 g4 11. Nd2 Nc6 12. Qc2 d6 13. f3 Be6 14. O-O-O
O-O-O 15. Kb1 Rdg8 16. f4 Bd5 17. Rh2 Qe6 18. Bd3 Bxa2+ 19. Ka1 Ne7 20. f5 Qd5
21. c4 Qa5 22. b4 Qa3 23. Qb2 Qxd3 24. Kxa2 Ne4 25. Qb3 Nc3+ 26. Ka3 Nxf5 27.
Rc1 Qxd2 28. Rxc3 Qe1 29. c5 Qa1+ 30. Qa2 Qxc3+ 31. Qb3 Qa1+ 32. Qa2 Qc1+ 33.
Qb2 Qxg1 34. Qb3 Qxh2 35. Qxf7 Qxg3+ 36. Qb3 Qxg2 {praviano resigns} 0-1

[Event "ICS rated bullet match"]
[Site "204.178.125.65"]
[Date "2000.11.18"]
[Round "?"]
[White "Hossa"]
[Black "praviano"]
[Result "1-0"]
[WhiteElo "2599"]
[BlackElo "2096"]
[PlyCount "31"]
[EventDate "2000.??.??"]

1. e4 e6 2. d4 d5 3. e5 c5 4. c3 Nc6 5. Nf3 Qb6 6. Bd3 cxd4 7. cxd4 Bd7 8. O-O
Rc8 9. Be2 Bb4 10. Nc3 Nge7 11. Na4 Qc7 12. a3 Ba5 13. b4 Bb6 14. Bb2 Nf5 15.
Rc1 O-O 16. b5 {praviano resigns} 1-0

[Event "ICS rated bullet match"]
[Site "204.178.125.65"]
[Date "2000.11.18"]
[Round "?"]
[White "Hossa"]
[Black "Timbo"]
[Result "1-0"]
[WhiteElo "2603"]
[BlackElo "2031"]
[PlyCount "35"]
[EventDate "2000.??.??"]

1. e4 c5 2. c3 Nc6 3. Nf3 d6 4. d4 cxd4 5. cxd4 Nf6 6. d5 Ne5 7. Nxe5 dxe5 8.
Nc3 Qa5 9. Bb5+ Bd7 10. Bxd7+ Nxd7 11. O-O g6 12. Be3 Bg7 13. Qb3 b6 14. Qc4
Nc5 15. b4 Qa6 16. Nb5 Rc8 17. bxc5 O-O 18. c6 {Timbo resigns} 1-0

[Event "ICS rated blitz match"]
[Site "204.178.125.65"]
[Date "2000.11.18"]
[Round "?"]
[White "sirezex"]
[Black "Hossa"]
[Result "0-1"]
[WhiteElo "2135"]
[BlackElo "2579"]
[PlyCount "30"]
[EventDate "2000.??.??"]

1. e4 e6 2. d4 d5 3. e5 c5 4. c3 Nc6 5. Nf3 Qb6 6. Be2 cxd4 7. cxd4 Nge7 8. Bd3
Bd7 9. Bc2 Nb4 10. O-O Nxc2 11. Qxc2 Rc8 12. Nc3 Nf5 13. Qd3 Bb4 14. Be3 Bxc3
15. bxc3 Bb5 {sirezex resigns} 0-1

[Event "ICS rated bullet match"]
[Site "204.178.125.65"]
[Date "2000.11.18"]
[Round "?"]
[White "Hossa"]
[Black "funbettor"]
[Result "1-0"]
[WhiteElo "2607"]
[BlackElo "1993"]
[PlyCount "71"]
[EventDate "2000.??.??"]

1. e4 c6 2. c4 d6 3. d4 e6 4. Nf3 Nf6 5. Nc3 Be7 6. Bd3 O-O 7. O-O Nbd7 8. Bf4
b6 9. Qd2 Bb7 10. e5 Ne8 11. Qc2 g6 12. Bh6 Ng7 13. exd6 Bxd6 14. Ne4 Be7 15.
Qc3 f5 16. Neg5 Bf6 17. Bxg7 Bxg7 18. Nxe6 Qe7 19. Nxf8 Rxf8 20. Rfe1 Qf7 21.
Ng5 Qf6 22. Ne6 Re8 23. Nxg7 Rxe1+ 24. Rxe1 Kxg7 25. Bc2 Nf8 26. Qa3 Qf7 27.
Re7 Ne6 28. Rxf7+ Kxf7 29. Qxa7 Kf6 30. Qxb6 Nxd4 31. Qxd4+ Kg5 32. Qd8+ Kh6
33. Qf8+ Kg5 34. h4+ Kh5 35. Bd1+ Kxh4 36. Qh6# {funbettor checkmated} 1-0

[Event "ICS rated bullet match"]
[Site "204.178.125.65"]
[Date "2000.11.18"]
[Round "?"]
[White "funbettor"]
[Black "Hossa"]
[Result "0-1"]
[WhiteElo "1992"]
[BlackElo "2608"]
[PlyCount "70"]
[EventDate "2000.??.??"]

1. e4 c5 2. Nf3 e6 3. d4 cxd4 4. Nxd4 a6 5. Nc3 b5 6. a3 b4 7. axb4 Bxb4 8. Bd2
Ne7 9. Bd3 O-O 10. O-O Bb7 11. Qe2 d6 12. Kh1 Kh8 13. f4 Qb6 14. Nb3 Qc7 15. f5
exf5 16. exf5 f6 17. Ne4 Bxd2 18. Qxd2 Nd7 19. Nc3 Nc5 20. Nd4 Qb6 21. b3 Nxd3
22. Qxd3 Rfe8 23. Ne6 Rac8 24. Rae1 a5 25. Nd1 Ba6 26. Qg3 Rg8 27. Rf4 Rxc2 28.
Ne3 Rc3 29. Qh4 h6 30. Nxg7 Rxg7 31. Qxh6+ Kg8 32. Qxf6 Rxe3 33. Ref1 Bxf1 34.
Qxd6 Bxg2+ 35. Kg1 Re1# {funbettor checkmated} 0-1

[Event "ICS rated blitz match"]
[Site "204.178.125.65"]
[Date "2000.11.18"]
[Round "?"]
[White "Hossa"]
[Black "nyul"]
[Result "1-0"]
[WhiteElo "2581"]
[BlackElo "2167"]
[PlyCount "64"]
[EventDate "2000.??.??"]

1. e4 e5 2. Nf3 Nc6 3. Nc3 Nf6 4. Bb5 Nd4 5. Bc4 d6 6. Ng5 Ne6 7. Nxe6 Bxe6 8.
Bxe6 fxe6 9. d3 Be7 10. f4 exf4 11. Bxf4 O-O 12. O-O e5 13. Be3 Qd7 14. Rf5 g6
15. Rf1 Ng4 16. Qe2 Nxe3 17. Qxe3 c6 18. Rxf8+ Bxf8 19. Rf1 b6 20. d4 Bg7 21.
d5 Rf8 22. Rxf8+ Bxf8 23. dxc6 Qxc6 24. Qd3 Qc5+ 25. Kf1 Be7 26. g3 Qc8 27. Kg2
Qe6 28. Nd5 Bd8 29. Qc4 Kg7 30. Nxb6 Qxc4 31. Nxc4 Bc7 32. Ne3 Kf6 {
nyul resigns} 1-0

[Event "ICS rated blitz match"]
[Site "204.178.125.65"]
[Date "2000.11.18"]
[Round "?"]
[White "nyul"]
[Black "Hossa"]
[Result "0-1"]
[WhiteElo "2164"]
[BlackElo "2584"]
[PlyCount "51"]
[EventDate "2000.??.??"]

1. e4 c5 2. c4 Nc6 3. d3 g6 4. Nc3 Bg7 5. Nf3 d6 6. Be2 Nf6 7. O-O O-O 8. h3
Nd7 9. Be3 Nd4 10. Qd2 Qb6 11. Rab1 Nxe2+ 12. Qxe2 Re8 13. Qd2 Qa5 14. Bh6 Ne5
15. Nxe5 Bxe5 16. f4 Bd4+ 17. Kh2 Bd7 18. f5 gxf5 19. exf5 Bc6 20. Rf4 Be5 21.
Qe3 Kh8 22. Kh1 Bxc3 23. bxc3 Bxg2+ 24. Kxg2 Qxa2+ 25. Qf2 Rg8+ 26. Kf3 {
nyul resigns} 0-1